U.S. Cities with the biggest accents - Statistics

General Stats
  • This quiz has been taken 428 times
    402 since last reset
  • The average score is 10 of 16
Answer Stats
Rank City % Correct
2 New York, New York
96%
1 Boston, Massachusetts
89%
9 Chicago, Illinois
83%
10 Dallas, Texas
82%
13 Houston, Texas
78%
12 Atlanta, Georgia
77%
5 Miami, Florida
75%
11 New Orleans, Louisiana
71%
15 Philadelphia, Pennsylvania
71%
3 Minneapolis, Minnesota
63%
14 San Antonio, Texas
50%
6 Portland, Maine
40%
8 Honolulu, Hawaii
37%
16 San Diego, California
36%
4 Providence, Rhode Island
26%
7 Savannah, Georgia
14%
No matching quizzes found
Score Distribution
Percent of People with Each Score
Percentile by Number Answered
Your Score History
You have not taken this quiz since the last reset